000 00518nam a22001817a 4500
005 20251108170101.0
008 250721s1985 xx 000 0 ara d
082 1 4 _aط/ق/ديز
100 1 _aديزني، والت
245 1 0 _aبطوط و سباق الدراجات /
264 1 _aالقاهرة :
_bدار المعارف،
_c1985.
300 _a127ص : مص
490 0 _aميكي و بطوط
650 1 7 _aأدب الأطفال
650 1 7 _aالقصص العربية
942 _2ddc
_cBK
999 _c39345
_d39345